000 00461nam a2200193Ia 4500
008 101110s9999 xx 000 0 und d
041 _aENGLISH
082 _bJR762
_a332.1
100 _aSundharam, Varshney
245 _aBanking Law and Practice
365 _b25
520 _aCommerce
546 _aENGLISH
630 _aBanking Law and Practice
650 _aCommerce
655 _aCommerce
730 _aBanking Law and Practice
942 _cBOOK
999 _c793496
_d793493